000 00387nam a2200145Ia 4500
008 230711s9999||||xx |||||||||||||| ||und||
041 _aENG
082 _a677
_bSN-B
100 _aSnyder,Stuart D
245 0 _aBuilding interiors, plants, and automation
250 _a1st Ed.
260 _c1990
_aNew Delhi
_bPrentice-Hall of India Private Limited
650 _aArchitecture
942 _cBK
999 _c3246
_d3246